Research methods for business : (Record no. 1927)
[ view plain ]
| 000 -LEADER | |
|---|---|
| fixed length control field | 00751cam a22002292 4500 |
| 001 - CONTROL NUMBER | |
| control field | 0000001706 |
| 005 - DATE AND TIME OF LATEST TRANSACTION | |
| control field | 20151217145725.0 |
| 008 - FIXED-LENGTH DATA ELEMENTS--GENERAL INFORMATION | |
| fixed length control field | 070322s xx 000 0 eng d |
| 020 ## - INTERNATIONAL STANDARD BOOK NUMBER | |
| International Standard Book Number | 9814126748 : |
| Terms of availability | KES 900 |
| 040 ## - CATALOGING SOURCE | |
| Original cataloging agency | KABU |
| Transcribing agency | KABU |
| 050 #0 - LIBRARY OF CONGRESS CALL NUMBER | |
| Classification number | HD30.4 |
| Item number | .S45 2003 |
| 100 1# - MAIN ENTRY--PERSONAL NAME | |
| Personal name | Sekaran, Uma. |
| -- | 0000150675 |
| 245 10 - TITLE STATEMENT | |
| Title | Research methods for business : |
| Remainder of title | a skill-building approach / |
| Statement of responsibility, etc. | Uma Sekaran. |
| 250 ## - EDITION STATEMENT | |
| Edition statement | 4th ed. |
| 260 ## - PUBLICATION, DISTRIBUTION, ETC. (IMPRINT) | |
| Place of publication, distribution, etc. | New York : |
| Name of publisher, distributor, etc. | John Wiley, |
| Date of publication, distribution, etc. | c2003. |
| 300 ## - PHYSICAL DESCRIPTION | |
| Extent | xiv, 450 p. : |
| Other physical details | ill. ; |
| Dimensions | 24 cm. |
| 504 ## - BIBLIOGRAPHY, ETC. NOTE | |
| Bibliography, etc | Includes bibliographical references (p. 426-431) and index. |
| 650 #0 - SUBJECT ADDED ENTRY--TOPICAL TERM | |
| Topical term or geographic name as entry element | Business. |
| General subdivision | Research |
| -- | Methodology. |
| -- | 0000150653 |
| 908 ## - PUT COMMAND PARAMETER (RLIN) | |
| Put command parameter | 070322 |
| 950 ## - LOCAL HOLDINGS (RLIN) | |
| -- | 1 |
| Withdrawn status | Lost status | Source of classification or shelving scheme | Not for loan | Home library | Current library | Date acquired | Total Checkouts | Total Renewals | Full call number | Barcode | Date last seen | Date last checked out | Price effective from | Koha item type |
|---|---|---|---|---|---|---|---|---|---|---|---|---|---|---|
| Library of Congress Classification | Kabarak, Main Campus | Kabarak, Main Campus | 17/12/2015 | 2 | 1 | HD30.4 .S45 2003 | 002359 | 02/08/2024 | 11/10/2019 | 17/12/2015 | General Collection | |||
| Library of Congress Classification | Kabarak, Main Campus | Kabarak, Main Campus | 17/12/2015 | 1 | HD30.4 .S45 2003 | 002363 | 02/08/2024 | 31/07/2021 | 17/12/2015 | General Collection |